[Event "AUT-chT qual 02"]
[Site "Absam"]
[Date "2002.04.13"]
[Round "2.6"]
[White "Schwaninger, Wolfgang"]
[Black "Gottsmann, Herbert"]
[Result "1/2-1/2"]
[WhiteElo "2232"]
[BlackElo "2184"]
[PlyCount "38"]
[EventDate "2002.04.12"]
[EventType "team"]
[EventRounds "3"]
[EventCountry "AUT"]
[SourceTitle "EXT 2003"]
[Source "ChessBase"]
[SourceDate "2002.11.25"]
[SourceVersion "1"]
[SourceVersionDate "2002.11.25"]
[SourceQuality "1"]
[WhiteTeam "Tschaturanga"]
[BlackTeam "Salzburg Wuestenrot"]
[WhiteTeamCountry "AUT"]
[BlackTeamCountry "AUT"]

1. d4 Nf6 2. Nf3 g6 3. Bf4 Bg7 4. e3 d6 5. h3 0-0 6. Nbd2 Nbd7 7. Bc4 Nb6 8. Bb3 a5 9. c4 Bf5 10. Bc2 Bxc2 11. Qxc2 Nfd7 12. 0-0 e5 13. Bg3 Qe7 14. Rac1 c5 15. dxe5 dxe5 16. Ne4 f5 17. Bh4 Qe6 18. Nc3 Qxc4 19. b3 Qe6 1/2-1/2

[Event "AUT-chT2M 0102"]
[Site "Austria"]
[Date "2001.12.09"]
[Round "5.5"]
[White "Gottsmann, Herbert"]
[Black "Hackbarth, Wolfgang"]
[Result "1/2-1/2"]
[WhiteElo "2157"]
[BlackElo "2140"]
[PlyCount "53"]
[EventDate "2001.11.02"]
[EventType "team"]
[EventRounds "11"]
[EventCountry "AUT"]
[SourceTitle "EXT 2003"]
[Source "ChessBase"]
[SourceDate "2002.11.25"]
[SourceVersion "1"]
[SourceVersionDate "2002.11.25"]
[SourceQuality "1"]

1. e4 e5 2. Nc3 Bc5 3. g3 Nc6 4. Bg2 d6 5. Nf3 Bg4 6. h3 Bh5 7. d3 Nd4 8. g4 Bg6 9. Nxd4 Bxd4 10. Ne2 Bb6 11. Ng3 Ne7 12. Nf5 Rg8 13. Qf3 c6 14. h4 f6 15. Ne3 h6 16. Bd2 Rf8 17. Qg3 Bxe3 18. Bxe3 Qa5+ 19. Bd2 Qc5 20. 0-0-0 0-0-0 21. Bc3 Qb6 22. Kb1 d5 23. d4 dxe4 24. dxe5 Nd5 25. exf6 Nxc3+ 26. Qxc3 gxf6 27. Qe3 1/2-1/2

[Event "AUT-chT2M 9900"]
[Site "Austria"]
[Date "2000.01.16"]
[Round "7.6"]
[White "Harringer, Franz"]
[Black "Gottsmann, Herbert"]
[Result "1-0"]
[WhiteElo "2181"]
[BlackElo "2144"]
[PlyCount "75"]
[EventDate "1999.??.??"]
[EventType "team"]
[EventRounds "11"]
[EventCountry "AUT"]
[SourceTitle "EXT 2004"]
[Source "ChessBase"]
[SourceDate "2003.11.25"]
[SourceVersion "1"]
[SourceVersionDate "2003.11.25"]
[SourceQuality "1"]

1. e4 e6 2. d3 d5 3. Qe2 Ne7 4. Nf3 g6 5. g3 Bg7 6. Bg2 h6 7. 0-0 c5 8. Re1 Nbc6 9. c3 a5 10. a4 b6 11. e5 Ba6 12. h4 d4 13. c4 Rc8 14. Bf4 Nb4 15. Rc1 Nf5 16. Nbd2 Bb7 17. Ne4 Bxe4 18. Qxe4 Bf8 19. Bd2 Nc6 20. Nh2 Be7 21. Re1 Kd7 22. Re2 Qg8 23. Rf1 Qg7 24. Ng4 Rhg8 25. Bh3 Rh8 26. Nh2 Rhg8 27. Kh1 Rh8 28. g4 Nxh4 29. f4 Rcg8 30. Be1 Qf8 31. f5 gxf5 32. gxf5 Nxf5 33. Rxf5 exf5 34. Qxf5+ Kc7 35. Qd7+ Kb8 36. Qxc6 Qg7 37. Qxb6+ Ka8 38. Bg2+ 1-0

[Event "AUT-chT2M 9899"]
[Site "Austria"]
[Date "1999.03.14"]
[Round "11"]
[White "Gottsmann, Herbert"]
[Black "Punzenberger, Franz"]
[Result "1-0"]
[WhiteElo "2145"]
[BlackElo "2100"]
[PlyCount "49"]
[EventDate "1998.11.??"]
[EventType "team-swiss"]
[EventRounds "11"]
[EventCountry "AUT"]
[SourceTitle "EXT 2000"]
[Source "ChessBase"]
[SourceDate "1999.11.16"]
[SourceVersion "1"]
[SourceVersionDate "1999.11.16"]
[SourceQuality "1"]

1. e4 d6 2. c4 Nf6 3. Nc3 g6 4. d4 Bg7 5. Bd3 0-0 6. Nge2 e5 7. d5 a5 8. h3 Na6 9. g4 h5 10. Bg5 hxg4 11. hxg4 Bxg4 12. Qd2 Re8 13. 0-0-0 Nc5 14. Rdg1 Qd7 15. Ng3 Bf3 16. Rh4 Ng4 17. Be2 Bxe2 18. Qxe2 f6 19. Bd2 Nxf2 20. Nh5 gxh5 21. Qxh5 Kf8 22. Rxg7 Qxg7 23. Bh6 Nfd3+ 24. Kd2 Re7 25. Rg4 1-0

[Event "AUT-chT2M 9899"]
[Site "Austria"]
[Date "1999.01.24"]
[Round "7"]
[White "Loidl, Florian"]
[Black "Gottsmann, Herbert"]
[Result "0-1"]
[WhiteElo "2027"]
[BlackElo "2145"]
[PlyCount "82"]
[EventDate "1998.11.??"]
[EventType "team-swiss"]
[EventRounds "11"]
[EventCountry "AUT"]
[SourceTitle "EXT 2000"]
[Source "ChessBase"]
[SourceDate "1999.11.16"]
[SourceVersion "1"]
[SourceVersionDate "1999.11.16"]
[SourceQuality "1"]

1. e4 e6 2. d3 d5 3. Nd2 c5 4. Ngf3 Nc6 5. g3 g6 6. Bg2 Bg7 7. 0-0 Nge7 8. Re1 b6 9. e5 Qc7 10. c4 h6 11. h4 Bb7 12. cxd5 exd5 13. Nf1 Nxe5 14. Bf4 Nxf3+ 15. Qxf3 Qd7 16. Qe2 Kf8 17. Bh3 f5 18. g4 Re8 19. Ng3 g5 20. Be5 Ng6 21. Bxg7+ Kxg7 22. Nh5+ Kf7 23. gxf5 Nxh4 24. Qe6+ Qxe6 25. fxe6+ Kg6 26. Bg4 d4 27. e7 Nf3+ 28. Bxf3 Bxf3 29. Ng3 Kf6 30. b4 Rh7 31. bxc5 bxc5 32. Rac1 Rhxe7 33. Rxe7 Rxe7 34. Rxc5 Re5 35. Rc7 Ra5 36. Rd7 Ra6 37. Rxd4 h5 38. Rd8 Ke7 39. Rh8 h4 40. Nf5+ Kf6 41. Nxh4 Kg7 0-1

[Event "AUT-chT2M 9899"]
[Site "Austria"]
[Date "1998.11.27"]
[Round "1"]
[White "Gottsmann, Herbert"]
[Black "Brestan, Peter"]
[Result "0-1"]
[WhiteElo "2145"]
[BlackElo "2021"]
[PlyCount "135"]
[EventDate "1998.11.??"]
[EventType "team-swiss"]
[EventRounds "11"]
[EventCountry "AUT"]
[SourceTitle "EXT 2000"]
[Source "ChessBase"]
[SourceDate "1999.11.16"]
[SourceVersion "1"]
[SourceVersionDate "1999.11.16"]
[SourceQuality "1"]

1. g3 d5 2. d4 Nf6 3. Bg2 c6 4. c4 dxc4 5. Nf3 b5 6. Ne5 Bb7 7. a4 a6 8. axb5 axb5 9. Rxa8 Bxa8 10. b3 cxb3 11. Qxb3 e6 12. 0-0 Bd6 13. Bg5 0-0 14. Nc3 Qa5 15. Bxf6 gxf6 16. Nd3 Nd7 17. Qb2 Qb6 18. Ne4 Be7 19. Ndc5 Rd8 20. Ra1 Bb7 21. Rc1 f5 22. Nxb7 Qxb7 23. Nd2 Rc8 24. Nc4 Qa7 25. Ra1 Qb8 26. Na5 Qb6 27. Nxc6 Rxc6 28. Ra8+ Nf8 29. Bxc6 Qxc6 30. Ra7 Bd6 31. Qd2 Ng6 32. h4 f4 33. h5 Nf8 34. gxf4 Qd5 35. Ra6 Be7 36. Qe3 Qxh5 37. Qg3+ Qg6 38. Ra7 Bd6 39. Ra6 Be7 40. Rb6 b4 41. Rb7 Bd6 42. Rb6 Bxf4 43. Qxg6+ Nxg6 44. Rxb4 Kg7 45. Rb7 h5 46. Kg2 Nh4+ 47. Kh3 Nf5 48. e3 Bg5 49. Rb5 Kg6 50. Rb6 Bf6 51. Ra6 Ne7 52. Ra5 Nd5 53. Rc5 Be7 54. Rc8 Bb4 55. Kg3 Be1 56. Rc1 Bb4 57. Rc8 Nf6 58. f3 Be1+ 59. Kh3 Bf2 60. e4 Bxd4 61. Rc4 Be5 62. Rc2 Bf4 63. Rg2+ Kh6 64. Kh4 Nd7 65. Rg8 Ne5 66. Rh8+ Kg6 67. Rg8+ Kh7 68. Rf8 0-1

[Event "AUT-chT2W 9798"]
[Site "Austria"]
[Date "1997.??.??"]
[Round "2"]
[White "Gottsmann, Herbert"]
[Black "Hamberger, Hermann"]
[Result "1/2-1/2"]
[WhiteElo "2135"]
[BlackElo "2175"]
[PlyCount "35"]
[EventDate "1997.??.??"]
[EventType "team"]
[EventRounds "11"]
[EventCountry "AUT"]
[SourceTitle "EXT 1999"]
[Source "ChessBase"]
[SourceDate "1998.11.16"]
[SourceVersion "1"]
[SourceVersionDate "1998.11.16"]
[SourceQuality "1"]

1. e4 c5 2. d3 Nc6 3. g3 g6 4. Bg2 Bg7 5. f4 d6 6. Nf3 e6 7. 0-0 Nge7 8. c3 0-0 9. Be3 b6 10. g4 d5 11. e5 Ba6 12. Bf2 Qd7 13. Re1 Rac8 14. a3 Rc7 15. b4 Nb8 16. bxc5 bxc5 17. a4 Rfc8 18. Na3 1/2-1/2

[Event "AUT-chT2W 9596"]
[Site "Austria"]
[Date "1995.??.??"]
[Round "?"]
[White "Gottsmann, Herbert"]
[Black "Peterwagner, Heinz"]
[Result "1/2-1/2"]
[WhiteElo "2135"]
[BlackElo "2195"]
[PlyCount "39"]
[EventDate "1995.??.??"]
[EventType "team"]
[EventRounds "11"]
[EventCountry "AUT"]
[SourceTitle "EXT 1998"]
[Source "ChessBase"]
[SourceDate "1997.11.17"]
[SourceVersion "1"]
[SourceVersionDate "1997.11.17"]
[SourceQuality "1"]

1. d4 g6 2. Nf3 Bg7 3. c3 Nf6 4. Bg5 d6 5. Nbd2 Nbd7 6. e4 e5 7. dxe5 Nxe5 8. Nd4 Qe7 9. Be2 h6 10. Bh4 g5 11. Bg3 Ng6 12. Nf5 Bxf5 13. exf5 Ne5 14. 0-0 0-0-0 15. f4 gxf4 16. Rxf4 Nd5 17. Ra4 Kb8 18. Bf2 c5 19. Ne4 Nb6 20. f6 1/2-1/2

[Event "AUT-ch"]
[Site "Austria"]
[Date "1994.??.??"]
[Round "8"]
[White "Gottsmann, Herbert"]
[Black "Hiermann, Dietmar"]
[Result "1/2-1/2"]
[WhiteElo "2165"]
[BlackElo "2135"]
[PlyCount "62"]
[EventDate "1994.??.??"]
[EventType "swiss"]
[EventRounds "9"]
[EventCountry "AUT"]
[SourceTitle "EXT 1999"]
[Source "ChessBase"]
[SourceDate "1998.11.16"]
[SourceVersion "1"]
[SourceVersionDate "1998.11.16"]
[SourceQuality "1"]

1. e4 e5 2. Nc3 Nf6 3. f4 d5 4. fxe5 Nxe4 5. d3 Nxc3 6. bxc3 d4 7. Nf3 dxc3 8. d4 Be6 9. Be3 Ba3 10. Qd3 Nc6 11. Rd1 Qd5 12. Be2 Bb2 13. a3 Ne7 14. Nh4 0-0-0 15. 0-0 h6 16. g4 c5 17. Qb5 cxd4 18. Qa4 Qxe5 19. Bf4 Qxe2 20. Qxa7 Bd5 21. Rde1 Qxg4+ 22. Bg3 Kd7 23. Qc5 Qg5 24. Rf5 Bxa3 25. Qxa3 Nxf5 26. Nxf5 Be6 27. Qa4+ Kc8 28. Qa8+ Kd7 29. Qa4+ Kc8 30. Qa8+ Kd7 31. Qa4+ Kc8 1/2-1/2

[Event "Werfen op-A"]
[Site "Werfen"]
[Date "1991.??.??"]
[Round "6"]
[White "Gottsmann, Herbert"]
[Black "Klinger, Josef"]
[Result "0-1"]
[WhiteElo "2110"]
[BlackElo "2510"]
[PlyCount "106"]
[EventDate "1991.08.??"]
[EventType "swiss"]
[EventRounds "9"]
[EventCountry "AUT"]
[SourceTitle "TD"]
[Source "ChessBase"]
[SourceDate "1994.03.01"]
[SourceVersion "1"]
[SourceVersionDate "1994.03.01"]
[SourceQuality "1"]

1. c4 c5 2. g3 Nf6 3. Nc3 e6 4. d4 cxd4 5. Qxd4 Nc6 6. Qd2 d5 7. Bg2 d4 8. Nb5 Qb6 9. Qf4 Bb4+ 10. Bd2 Bxd2+ 11. Qxd2 e5 12. Nd6+ Ke7 13. Rc1 Be6 14. Nh3 Qc7 15. Nb5 Qa5 16. Qxa5 Nxa5 17. b3 Rac8 18. Nxa7 Ra8 19. Nb5 Nc6 20. a4 Na5 21. Rb1 Nxb3 22. Rxb3 Rxa4 23. 0-0 Bxc4 24. Rb2 Nd5 25. Rc1 Rc8 26. Nxd4 exd4 27. Rxb7+ Kf6 28. Bxd5 Bxd5 29. Rb6+ Kf5 30. g4+ Kxg4 31. f3+ Kxh3 32. Rxc8 d3 33. Rb2 h5 34. exd3 Bxf3 35. Rc4 Ra3 36. d4 g5 37. Rd2 g4 38. d5 h4 39. d6 g3 40. hxg3 Kxg3 41. Rc1 h3 42. Rf2 Rd3 43. Rxf3+ Kxf3 44. Kh2 f5 45. Kxh3 Kf2+ 46. Kh2 f4 47. Rc2+ Kf3 48. Rc1 Rxd6 49. Kg1 Kg3 50. Ra1 f3 51. Rb1 Rd2 52. Ra1 Rg2+ 53. Kh1 Rh2+ 0-1